000 00831nam a2200241Ia 4500
003 OSt
005 20220925204334.0
006 a|||||r|||| 00| 0
007 ta
008 220923b |||||||| |||| 00| 0 eng d
020 _a9789211171389
037 _cGeneral Book
040 _aRTL
_cRTL
_beng
041 _2eng
_aeng
082 _aX9(F558).541, Q7/UN
100 _aUNITED NATIONS ECONOMIC COMMISSION FOR EUROPE
_9268267
245 0 _aBest practice policy guidance for Liquefied Natural Gas (LNG) case study
_b Small scale LNG- truck loading
260 _aGeneva
_bUnited Nations
_c2017
300 _a14p
_ccm.
500 _aBibliography: P 354-59. Glossary; P 348-53
942 _hX9(F558).541, Q7/UN
_cGB
_2CC
999 _c549186
_d549186